Statistics for Historical flags of Bosnia and Herzegovina

Click here to take the quiz!

General Stats

  • This quiz has been taken 16 times
  • The average score is 8 of 15

Answer Stats

Answer% Correct
Bosnia (1878)
100%
Bosnia under Austro-Hungarian occupation (1878-1908)
100%
Herzegovina (1448-1482)
86%
Herzegovina during the Austro-Hungarian rule in Bosnia and Herzegovina (1878-1918)
86%
Bosnia and Herzegovina (1998-present)
79%
Bosnia and Herzegovina after Austro-Hungarian annexation (1908)
79%
Republic of Bosnia and Herzegovina (1992-1998)
79%
Socialist Republic of Bosnia and Herzegovina (1946-1992)
79%
Autonomous Province of Western Bosnia (1993-1995)
36%
Republic of Western Bosnia (1995)
36%
Bosnian Kingdom (1377-1463)
29%
Bosnian Banate (1154-1377)
14%
Bosnian-Herzegovinian Partisans (1940-1946)
14%
Rama (1618)
14%
Western Herzegovina (1760s)
14%

Score Distribution

Percentile by Number Answered

Percent of People with Each Score

Your Score History

You have not taken this quiz